| 000 | 02647cam a22005654i 4500 | ||
|---|---|---|---|
| 003 | PE-LiUPU | ||
| 005 | 20250731180142.0 | ||
| 008 | 150706s2007 pe r 000 0 d | ||
| 035 | _a(Sirsi) a48894 | ||
| 040 |
_aPE-LiUPU _bspa _cPE-LiUPU _erda |
||
| 049 | _aPRUA | ||
| 082 | 0 | 4 |
_a515.24 _bE88 _221 |
| 100 | 1 |
_aEspinoza Ramos, Eduardo, _d1946- , _eautor. |
|
| 245 | 1 | 0 |
_aSucesiones y series infinitas / _cEduardo Espinoza Ramos. |
| 250 | _a3a | ||
| 264 | 1 |
_aLima : _bEduardo Espinoza Ramos, _c2007. |
|
| 300 |
_a265 páginas : _bilustraciones ; _c21 cm. |
||
| 336 |
_atext _2rdacontent |
||
| 337 |
_aunmediated _2rdamedia |
||
| 338 |
_avolume _2rdacarrier |
||
| 505 | 0 | _aSucesiones -- Definición -- Propiedades de límites de sucesiones -- Teorema -- Teorema de media aritmética -- Teorema de la media geométrica.-Series infinitas -- Definición -- Propiedades -- Teorema -- Series especiales -- Series infinitas de términos positivos -- Teorema (criterio de comparación directa) -- Series de potencia -- Definición -- Propiedades -- Diferenciación de series de potencia -- Integración de series de potencia -- Serie de Taylor -- Ejercicios desarrollados -- Ejercicios propuestos. | |
| 526 | _aSEG44 | ||
| 526 | _aSEG26 | ||
| 526 | _aP159 | ||
| 526 | _aP155 | ||
| 526 | _aP154 | ||
| 526 | _aP153 | ||
| 526 | _aP150 | ||
| 526 | _aP100 | ||
| 526 | _aP31 | ||
| 526 | _aP30 | ||
| 526 | _aP26 | ||
| 526 | _aP25 | ||
| 526 | _aP24 | ||
| 526 | _aP22 | ||
| 526 | _aP15 | ||
| 526 | _aP10 | ||
| 541 | _g003-001191; | ||
| 541 | _g003-001191; | ||
| 650 | 0 | 4 |
_aSucesiones infinitas _vProblemas, ejercicios, etc. |
| 650 | 0 | 4 |
_aSeries (Matemáticas) _vProblemas, ejercicios, etc. |
| 910 |
_bjv _clch _d20100920 |
||
| 942 |
_2ddc _cBOOK |
||
| 949 |
_a515.24 E88 _wDEWEY _c1 _i62092 _lCCODEBUL1 _mBUL _p05.00 _r0 _sY _tLIBRO _u2015-07-06 _xBIBLIOTECA _zUNKNOWN _o.STAFF. Colección General |
||
| 949 |
_a515.24 E88 _wDEWEY _c2 _i62091 _lCCODEBUL1 _mBUL _p05.00 _r0 _sY _tLIBRO _u2015-07-06 _xBIBLIOTECA _zUNKNOWN _o.STAFF. Colección General |
||
| 994 |
_aC0 _bPEPRU |
||
| 596 | _a1 | ||
| 999 |
_a515.24 E88 _wDEWEY _c51181 _i62092 _d51181 _e2017-9-22 _f2021-11-9 _g7 _lCCODEBUL1 _mBUL _n1 _p5.00 _r0 _sY _tBOOK _u2015-7-6 _xINGENIERIA _zUNKNOWN _0COMPRA _o.STAFF. Colección Ingeniería y Arquitectura |
||
| 999 |
_a515.24 E88 _wDEWEY _c2 _i62091 _d2016-9-22 _e2016-9-20 _f2021-11-9 _g7 _lCCODEBUL1 _mBUL _n1 _p5.00 _r0 _sY _tBOOK _u2015-7-6 _xINGENIERIA _zUNKNOWN _0COMPRA _o.STAFF. Colección Ingeniería y Arquitectura |
||
| 980 |
_81 _gALBERTO SANCHEZ Responsable de Automatización |
||